Giro de Italia 2020 Final classement - Statistics

General Stats
  • This quiz has been taken 33 times
  • The average score is 11 of 20
Answer Stats
Place Nationaly Team Cyclist Time % Correct
1st United Kingdom Ineos Grenadier Tao Geoghegan Hart 85h40'21''
96%
4th Portugal Deceuninck-Quick Step Joao Almeida +02'57''
93%
2nd Australia Team Sunweb Jai Hindley +00'39''
85%
7th Italy Trek-Segafredo Vincenzo Nibali +08'15''
85%
3rd Netherlands Team Sunweb Wilco Kelderman +01'29''
78%
12th Poland Bora-Hansgrohe Rafal Majka +20'31''
74%
6th Danemark Astana Pro Team Jakob Fuglsang +07'02''
70%
11th Italy NTT Pro Cycling Domenico Pozzovivo +11'52''
67%
8th Austria Bora-Hansgrohe Patrick Konrad +08'42''
67%
5th Spain Bahrain-McLaren Pello Bilbao +03'09''
67%
9th Italy Deceuninck-Quick Step Fausto Masnada +09'57''
48%
10th Austria Bahrain-McLaren Hermann Pernsteiner +11'05''
48%
14th United Kingdom Deceuninck-Quick Step James Knox +37'41''
48%
15th USA UAE Team Emirates Brandon McNulty +38'10''
41%
18th United Kingdom Ineos Grenadier Ben Swift +57'36''
33%
17th USA AG2R La Mondiale Larry Warbasse +53'2
33%
20th Australia NTT Pro Cycling Ben O'Connor +01h02'57''
19%
19th Spain Movistar Team Antionio Pedrero +59'36''
15%
13th Spain Movistar Team Sergio Samitier +35'29''
15%
16th France AG2R La Mondiale Aurélien Paret-Peintre +45'04''
7%
No matching quizzes found
Score Distribution
Percent of People with Each Score
Percentile by Number Answered
Your Score History
You have not taken this quiz